Dotácie výkonov vo verejnej hromadnej doprave

Analýza vývoja dotácií dopravných výkonov vo verejnej hromadnej autobusovej dopravy. Analýza veľkosti a osídlenia územia jednotlivých krajov SR. Porovnanie dotácií výkonov vo vybraných druhoch verejnej hromadnej osobnej doprave. Dopravný výkon. Dotácia pripadajúca na 1 km. Porovnanie vývoja dotácií...

Descrizione completa

Salvato in:
Dettagli Bibliografici
Autore principale: Koišová, Eva
Natura: Capitolo di libro
Lingua:slovacco
Soggetti:
Tags: Aggiungi Tag
Nessun Tag, puoi essere il primo ad aggiungerne!!

MARC

LEADER 00000naa$a2200000$$$4500
001 0026289
005 20231106081639.8
041 0 |a slo 
044 |a SK 
245 1 0 |a Dotácie výkonov vo verejnej hromadnej doprave  |c Eva Koišová 
520 |a Analýza vývoja dotácií dopravných výkonov vo verejnej hromadnej autobusovej dopravy. Analýza veľkosti a osídlenia územia jednotlivých krajov SR. Porovnanie dotácií výkonov vo vybraných druhoch verejnej hromadnej osobnej doprave. Dopravný výkon. Dotácia pripadajúca na 1 km. Porovnanie vývoja dotácií vo verejnej hromadnej autobusovej doprave s dotáciami v osobnej železničnej doprave. 
610 2 0 |a dotácie 
610 2 0 |a výkonnosť 
610 2 0 |a doprava verejná 
610 2 0 |a doprava hromadná 
610 2 0 |a doprava autobusová 
610 2 0 |a doprava železničná 
100 1 |a Koišová, Eva